Normal view
MARC view
- الخوالدة، عبدالله عواد
Entry Personal Name
001 - CONTROL NUMBER
- control field: 65670
003 - CONTROL NUMBER IDENTIFIER
- control field: JO-AjAnu
005 - DATE AND TIME OF LATEST TRANSACTION
- control field: 20240625134314.0
008 - FIXED-LENGTH DATA ELEMENTS
- fixed length control field: 240625|| aca||aabn | a|a d
040 ## - CATALOGING SOURCE
- Original cataloging agency: JO-AjAnu
100 ## - HEADING--PERSONAL NAME
- Personal name: الخوالدة، عبدالله عواد
- Relator term: معد